000
00287nam a2200109Ia 4500
008
200302s9999 xx 000 0 und d
100
_a
Averil Bedrich
245
_a
Hedges Creating Screens and Edges
260
_b
Guild of Master Craftsman Publications
260
_c
2001
300
_a
148 P.,
999
_c
4109
_d
4109